BSOP header

What happened in history / (Record no. 44653)

MARC details
000 -LEADER
fixed length control field 01001cam a22003131 4500
001 - CONTROL NUMBER
control field 01387284
003 - CONTROL NUMBER IDENTIFIER
control field OCoLC
005 - DATE AND TIME OF LATEST TRANSACTION
control field 20181029164118.0
008 - FIXED-LENGTH DATA ELEMENTS--GENERAL INFORMATION
fixed length control field 890404s1946 nyu 001 0 eng
010 ## - LIBRARY OF CONGRESS CONTROL NUMBER
LC control number 46008499
035 ## - SYSTEM CONTROL NUMBER
System control number .b1061171x
040 ## - CATALOGING SOURCE
Transcribing agency CBGTU
Modifying agency CBGTU
-- NNMM
100 1# - MAIN ENTRY--PERSONAL NAME
Personal name Childe, V. Gordon
Fuller form of name (Vere Gordon),
Dates associated with a name 1892-1957.
245 10 - TITLE STATEMENT
Title What happened in history /
Statement of responsibility, etc by Gordon Childe.
260 ## - PUBLICATION, DISTRIBUTION, ETC. (IMPRINT)
Place of publication, distribution, etc New York :
Name of publisher, distributor, etc Penguin Books,
Date of publication, distribution, etc 1964.
300 ## - PHYSICAL DESCRIPTION
Extent 4 p., 1 leaf, 280 p. ;
Dimensions 18 cm.
336 ## - CONTENT TYPE
Content Type Term text
337 ## - MEDIA TYPE
Media Type Term unmediated
338 ## - CARRIER TYPE
Carrier Type Term volume
490 1# - SERIES STATEMENT
Series statement Pelican books. [P6]
500 ## - GENERAL NOTE
General note "Originally published ... by Penguin books limited, England, 1942 ... First American edition by Penguin books, inc. March, 1946."
500 ## - GENERAL NOTE
General note Includes index.
650 #0 - SUBJECT ADDED ENTRY--TOPICAL TERM
Topical term or geographic name as entry element History, Ancient.
650 #0 - SUBJECT ADDED ENTRY--TOPICAL TERM
Topical term or geographic name as entry element Civilization, Ancient.
650 #0 - SUBJECT ADDED ENTRY--TOPICAL TERM
Topical term or geographic name as entry element Prehistoric peoples.
799 ## - LOCAL ADDED ENTRY--UNIFORM TITLE (RLIN)
Uniform title missing - list #4 - missing 2014 or earlier.
830 #0 - SERIES ADDED ENTRY--UNIFORM TITLE
Uniform title Pelican books ;
Volume number/sequential designation P6.
942 ## - ADDED ENTRY ELEMENTS (KOHA)
Source of classification or shelving scheme Library of Congress Classification
Item type Books
Holdings
Withdrawn status Lost status Source of classification or shelving scheme Damaged status Not for loan Home library Current library Shelving location Date acquired Source of acquisition Inventory number Total Checkouts Full call number Barcode Date last seen Price effective from Koha item type
    Library of Congress Classification     BSOP Library BSOP Library David Weisberg Collection 10/29/2018 Donated by Dr. David and Oprah Weisberg 44349   CB311 C43 1964 00055349 10/29/2018 10/29/2018 Books
BSOP

Biblical Seminary of the Philippines
  All rights Reserved
  © 2024

CONTACT INFORMATION

Biblical Seminary of the Philippines,
  77-B Karuhatan Road, Valenzuela City,
  PHILIPPINES 1441
  Phone: +632 8292-6795 / 8292-6798
  Fax : +632 8292-6675
  Email: library@bsop.edu.ph